000 01020nam a2200277 4500
003 EG-GICUC
005 20260121101231.0
008 251117s2004 ua ||||fr|||| 00| 0 ara d
040 _a EG-GICUC
_bara
_c EG-GICUC
_d EG-GICUC
_erda
041 0 _aara
082 0 4 _221
_a341.851
_bو ا . م
092 0 4 _221
099 _aLaw1 12 341.851 و ا . م 2004
100 0 _aوائل أنور بندق
_eمؤلف.
245 1 0 _aموسوعة التحكيم :
_bالاتفاقات الدولية وقوانين الدول العربية /
_cوائل أنور بندق.
264 1 _aالاسكندرية :
_bدار الفكر الجامعي،
_c2004.
300 _a474 ؛صفحة
_c24 سم
336 _2rda content
_atext
337 _2rda media
_aComputer
338 _2rda carrier
_aOnline Resource
546 _aالنص باللغة العربية
650 1 _aالتحكيم - قانون دولي
856 4 0 _uhttps://fll.law.cu.edu.eg/fulltext/bks/B12-01411.pdf
905 _a75
_eYara
942 _2ddc
_n0
_cBK
_e21
999 _c43728
_d43728